LEADER 02279nam 2200349 450 001 996280450203316 005 20231214073117.0 010 $a1-5044-4669-0 035 $a(CKB)4100000001797484 035 $a(NjHacI)994100000001797484 035 $a(EXLCZ)994100000001797484 100 $a20231214d2018 uy 0 101 0 $aeng 135 $aur||||||||||| 181 $ctxt$2rdacontent 182 $cc$2rdamedia 183 $acr$2rdacarrier 200 10$aISO/IEEE 11073-10424:2016(E): $eHealth informatics--Personal health device communication - Part 10424: Device Specialization--Sleep Apnoea Breathing Therapy Equipment (SABTE) /$fIEEE 210 1$aNew York, USA :$cIEEE,$d2018. 215 $a1 online resource (126 pages) 330 $aWithin the context of the ISO/IEEE 11073 family of standards for device communication, a normative definition of the communication between sleep apnoea breathing therapy equipment (SABTE) devices (agents) and managers (e.g., cell phones, personal computers, personal health appliances, set top boxes), in a manner that enables plug-and-play interoperability, is established in this standard. It leverages appropriate portions of existing standards including ISO/IEEE 11073 terminology, information models, application profile standards, and transport standards. It specifies the use of specific term codes, formats, and behaviors in telehealth environments restricting optionality in base frameworks in favor of interoperability. This standard defines a common core of communication functionality for SABTE. In this context, SABTE is defined as a device that is intended to alleviate the symptoms of a patient who suffers from sleep apnoea by delivering a therapeutic breathing pressure to the patient. SABTE is primarily used in the home health-care environment by a lay operator without direct professional supervision. 517 $a11073-10424-2016 - Health informatics--Personal health device communication - Part 10424 517 $aISO/IEEE 11073-10424 606 $aMedical instruments and apparatus 615 0$aMedical instruments and apparatus. 676 $a610.28 801 0$bNjHacI 801 1$bNjHacl 906 $aDOCUMENT 912 $a996280450203316 996 $aISO$91086301 997 $aUNISA LEADER 03459nam 22004693a 450 001 9910772094403321 005 20230124202115.0 010 $a9780824889166 010 $a0824889169 035 $a(CKB)4950000000289923 035 $a(ScCtBLL)545993f8-b722-4371-ba9f-d490056e1b2d 035 $a(EXLCZ)994950000000289923 100 $a20211214i20202021 uu 101 0 $aeng 135 $auru|||||||||| 181 $ctxt$2rdacontent 182 $cc$2rdamedia 183 $acr$2rdacarrier 200 04$aThe Value of Hawai?i 3 : $eHulihia, the Turning /$fNoelani Goodyear-Ka'o?pua, Craig Howes, Jonathan Kay Kamakawiwo?ole Osorio, Aiko Yamashiro 210 1$a[s.l.] :$cUniversity of Hawai'i Press,$d2020. 215 $a1 online resource 225 1 $aBiography Monographs 330 $a"Hulihia" refers to massive upheavals that change the landscape, overturn the normal, reverse the flow, and sweep away the prevailing or assumed. We live in such days. Pandemics. Threats to ?a?ina. Political dysfunction, cultural appropriation, and disrespect. But also powerful surges toward sustainability, autonomy, and sovereignty. The first two volumes of The Value of Hawai?i (Knowing the Past, Facing the Future and Ancestral Roots, Oceanic Visions) ignited public conversations, testimony, advocacy, and art for political and social change. These books argued for the value of connecting across our different expertise and experiences, to talk about who we are and where we are going. In a world in crisis, what does Hawai?i's experience tell us about how to build a society that sees opportunities in the turning and changing times? As islanders, we continue to grapple with experiences of racism, colonialism, environmental damage, and the costs of modernization, and bring to this our own striking creativity and histories for how to live peacefully and productively together. Steered by the four scholars who edited the previous volumes, The Value of Hawai?i 3: Hulihia, the Turning offers multigenerational visions of a Hawai?i not defined by the United States. Community leaders, cultural practitioners, artists, educators, and activists share exciting paths forward for the future of Hawai?i, on topics such as education, tourism and other economies, elder care, agriculture and food, energy and urban development, the environment, sports, arts and culture, technology, and community life. These visions ask us to recognize what we truly value about our home, and offer a wealth of starting points for critical and productive conversations together in this time of profound and permanent change. 410 $aBiography Monographs 606 $aHistory / United States / State & Local / West (AK, CA, CO, HI, ID, MT, NV, UT, WY)$2bisacsh 606 $aSocial Science / Indigenous Studies$2bisacsh 606 $aSocial Science / Regional Studies$2bisacsh 606 $aSocial sciences 615 7$aHistory / United States / State & Local / West (AK, CA, CO, HI, ID, MT, NV, UT, WY) 615 7$aSocial Science / Indigenous Studies 615 7$aSocial Science / Regional Studies 615 0$aSocial sciences. 702 $aGoodyear-Ka'o?pua$b Noelani 702 $aHowes$b Craig 702 $aOsorio$b Jonathan Kay Kamakawiwo?ole 702 $aYamashiro$b Aiko 801 0$bScCtBLL 801 1$bScCtBLL 906 $aBOOK 912 $a9910772094403321 996 $aThe Value of Hawai?i 3$93669402 997 $aUNINA